Sports Quiz

Random Sports or Baseball Quiz

Last Pennant Wins Quiz Stats

 Plays Quiz not verified by Sporcle

Challenge
Share
Tweet
Embed
Score 0/30 Timer 06:00
0 Plays Today
Year Team % Correct
2009New York Yankees
92.9%
2009Philadelphia Phillies
91.5%
2008Tampa Bay Rays
91%
2007Colorado Rockies
90%
2007Boston Red Sox
89.6%
2006St. Louis Cardinals
89.6%
2005Chicago White Sox
89.1%
NeverSeattle Mariners
89.1%
1993Toronto Blue Jays
87.7%
2000New York Mets
87.7%
2006Detroit Tigers
86.7%
2002Los Angeles Angels
86.3%
1991Minnesota Twins
85.8%
2003Florida Marlins
85.3%
2001Arizona Diamondbacks
85.3%
Year Team % Correct
1945Chicago Cubs
85.3%
1999Atlanta Braves
84.8%
1985Kansas City Royals
84.8%
1997Cleveland Indians
84.8%
1990Cincinnati Reds
83.9%
2010San Francisco Giants
83.4%
1979Pittsburgh Pirates
82.9%
2005Houston Astros
82.9%
1988Los Angeles Dodgers
82%
NeverWashington Nationals
82%
1998San Diego Padres
82%
1990Oakland Athletics
81.5%
1983Baltimore Orioles
80.6%
1982Milwaukee Brewers
78.2%
2011Texas Rangers
72.7%

You're not logged in!

Compare scores with friends on all Sporcle quizzes.
Join for Free
OR
Log In

You Might Also Like...

Show Comments

Extras

Top Quizzes Today


Score Distribution

Your Account Isn't Verified!

In order to create a playlist on Sporcle, you need to verify the email address you used during registration. Go to your Sporcle Settings to finish the process.

Report this User

Report this user for behavior that violates our Community Guidelines.

Details: